| 000 | 00465nam a2200181Ia 4500 | ||
|---|---|---|---|
| 008 | 230917s9999||||xx |||||||||||||| ||und|| | ||
| 020 | _cRS819 | ||
| 040 |
_e244150 _aMAIN |
||
| 041 | _aEnglish | ||
| 082 | _a589.2 A27I(4) | ||
| 100 | _aAlexopoulos, C J | ||
| 245 | 0 | _aIntroductory mycology | |
| 250 | _a4th ed. | ||
| 260 |
_aNew Delhi _bWiley India _c2017 |
||
| 300 | _ax, 869 p. | ||
| 500 | _a2984 20/12/2017 RBP18/68348 29/12/2017 Main Budget | ||
| 942 | _cBK | ||
| 999 |
_c25112 _d25112 |
||